00383nam a2200157Ia 45000010006000000050017000060080041000230410008000640820017000721000027000892450056001162600009001723000028001816500008002096540008002172274320260414150851.0260414t2005||||xx |||||||||||||| ||spa|| aESP a621.398bB37 aBejtlich, RichardeAUT 0aEl tao de la motorización de seguridad en redesb c2005 a760 páginas :c24 cm. aTCA aCET